The Frankenfood myth : how protest and politics threaten the biotech revolution /

Bibliographic Details
Main Author: Miller, Henry I.
Other Authors: Conko, Gregory P.
Format: Book
Language:English
Published: Westport, Conn. : Praeger, 2004.
Subjects:

MARC

Tag First Indicator Second Indicator Subfields
LEADER 00000cam a22000004a 4500
001 in00002016707
005 20151031144508.0
008 040408s2004 ctua b 001 0 eng
010 |a  2004048059 
015 |a GBA4-X1971 
020 |a 0275978796 (alk. paper) 
035 |a (OCoLC)ocm55000344 
040 |a DLC  |c DLC  |d YDX  |d UKM  |d KUT  |d TXA  |d UtOrBLW 
042 |a pcc 
049 |a TXAM 
050 0 0 |a TP248.23  |b .M556 2004 
082 0 0 |a 303.48/3  |2 22 
100 1 |a Miller, Henry I. 
245 1 4 |a The Frankenfood myth :  |b how protest and politics threaten the biotech revolution /  |c by Henry I. Miller and Gregory Conko ; foreword by Norman E. Borlaug ; prologue by John H. Moore. 
264 1 |a Westport, Conn. :  |b Praeger,  |c 2004. 
300 |a xix, 269 pages :  |b illustrations ;  |c 25 cm. 
336 |a text  |b txt  |2 rdacontent 
337 |a unmediated  |b n  |2 rdamedia 
338 |a volume  |b nc  |2 rdacarrier 
504 |a Includes bibliographical references (pages [231]-256) and index. 
505 0 |a A brave new world of biotechnology? : more like a brave old world! -- Myths, mistakes, misconceptions, and mendacity -- Science, common sense, and public policy -- Caution, precaution, and the precautionary principle -- The vagaries of U.S. regulation -- Legal liability issues / with Drew Kershen -- The vagaries of foreign and international regulation -- European resistance to biotechnology -- Climbing out of the quagmire. 
650 0 |a Biotechnology  |x Social aspects. 
650 0 |a Biotechnology  |x Political aspects. 
650 0 |a Biotechnology  |x Government policy. 
700 1 |a Conko, Gregory P. 
948 |a cataloged  |b h  |c 2004/11/30  |d c  |e jgreene  |f 4:58:49 pm 
994 |a E0  |b TXA 
999 |a MARS 
999 f f |s 23222bab-bb39-3230-84c1-32826f39c3b6  |i d3310e74-a1ba-3d02-9fcf-93a47f0032c3  |t 0 
952 f f |p normal  |a Texas A&M University  |b College Station  |c Sterling C. Evans Library  |d Evans: Library Stacks  |t 0  |e TP248.23 .M556 2004  |h Library of Congress classification  |i unmediated -- volume  |m A14831612756 
998 f f |a TP248.23 .M556 2004  |t 0  |l Evans: Library Stacks